[Event "Titled Tuesday intern op 17th Aug"]
[Site "Chess.com INT"]
[Date "2021.08.17"]
[Round "4"]
[White "Munkhzul, Davaakhuu"]
[Black "Caetano, Ryan Wesley da Cost"]
[Result "0-1"]
[WhiteElo "1991"]
[BlackElo "2199"]
[PlyCount "100"]
[EventDate "2021.08.17"]
[EventType "swiss (blitz)"]
[EventRounds "11"]
[EventCountry "USA"]
[SourceTitle "EXT 2022"]
[Source "ChessBase"]
[SourceDate "2021.10.06"]
[SourceVersion "1"]
[SourceVersionDate "2021.10.06"]
[SourceQuality "1"]

1. e4 c5 2. Nf3 d6 3. d4 cxd4 4. Nxd4 Nf6 5. Nc3 a6 6. Nb3 e6 7. g4 Nc6 8. g5 Nd7 9. Be3 b5 10. f4 Bb7 11. Qe2 Qc7 12. Bg2 Nb6 13. Bxb6 Qxb6 14. f5 Be7 15. fxe6 fxe6 16. h4 Nd4 17. Qg4 Nxc2+ 18. Kd2 Qf2+ 19. Ne2 Nxa1 20. Rxa1 0-0 21. Rf1 Qxf1 22. Bxf1 Rxf1 23. Qxe6+ Kf8 24. Qd7 Bxe4 25. Nbd4 Bd5 26. Nc3 Bc4 27. Nc6 Re8 28. b3 Bf7 29. Ne4 d5 30. Ng3 Rf2+ 31. Kd1 Rxa2 32. Nxe7 Rxe7 33. Qd8+ Be8 34. Qxd5 Rd7 35. Qxd7 Bxd7 36. Ne4 Bg4+ 37. Kc1 Bf5 38. Nd6 Bg6 39. Kd1 Rh2 40. Nb7 Rxh4 41. Nc5 Rh5 42. Nxa6 Rxg5 43. Nc7 Ke7 44. Kd2 Kd7 45. Na6 h5 46. Kc3 h4 47. Kb4 h3 48. Nc5+ Rxc5 49. Kxc5 h2 50. Kxb5 h1Q 0-1

[Event "Titled Tuesday intern op 17th Aug"]
[Site "Chess.com INT"]
[Date "2021.08.17"]
[Round "3"]
[White "Munkhzul, Davaakhuu"]
[Black "Janaszak, Dawid"]
[Result "0-1"]
[WhiteElo "1991"]
[BlackElo "2348"]
[PlyCount "110"]
[EventDate "2021.08.17"]
[EventType "swiss (blitz)"]
[EventRounds "11"]
[EventCountry "USA"]
[SourceTitle "EXT 2022"]
[Source "ChessBase"]
[SourceDate "2021.10.06"]
[SourceVersion "1"]
[SourceVersionDate "2021.10.06"]
[SourceQuality "1"]

1. e4 c6 2. Nc3 d5 3. Nf3 dxe4 4. Nxe4 Nf6 5. Nxf6+ exf6 6. d4 Bd6 7. c3 0-0 8. Bd3 Bg4 9. 0-0 Re8 10. h3 Bh5 11. Bc2 Nd7 12. Be3 Qc7 13. Re1 Rad8 14. a4 a5 15. Qd3 Nf8 16. Nh4 c5 17. Nf5 Bh2+ 18. Kh1 cxd4 19. Bxd4 Be5 20. Qb5 Bg6 21. Rad1 Re6 22. Ne3 Bxd4 23. Bxg6 Bxe3 24. Bf5 Bxf2 25. Bxe6 Bxe1 26. Rxe1 Nxe6 27. Qf5 Qg3 28. Rg1 Qe5 29. Qf3 Qd5 30. Qe3 h6 31. b4 axb4 32. cxb4 Qd4 33. Qb3 Ng5 34. b5 Ne4 35. a5 Nf2+ 36. Kh2 Qe5+ 37. Qg3 Ne4 38. Qxe5 fxe5 39. a6 bxa6 40. bxa6 Ra8 41. Re1 Nc5 42. Rxe5 Nxa6 43. Ra5 Nc7 44. Rc5 Ne6 45. Rc6 Ra2 46. Rd6 Kh7 47. Rd7 Kg6 48. Kg3 h5 49. h4 Kf6 50. Rb7 g6 51. Rb5 Ra3+ 52. Kh2 Nf4 53. Rb7 Ra2 54. Kg3 Nxg2 55. Rb6+ Kg7 0-1

[Event "Titled Tuesday intern op 17th Aug"]
[Site "Chess.com INT"]
[Date "2021.08.17"]
[Round "6"]
[White "Ortiz Verdesoto, Anahi Eduarda"]
[Black "Munkhzul, Davaakhuu"]
[Result "0-1"]
[WhiteElo "2013"]
[BlackElo "1991"]
[PlyCount "72"]
[EventDate "2021.08.17"]
[EventType "swiss (blitz)"]
[EventRounds "11"]
[EventCountry "USA"]
[SourceTitle "EXT 2022"]
[Source "ChessBase"]
[SourceDate "2021.10.06"]
[SourceVersion "1"]
[SourceVersionDate "2021.10.06"]
[SourceQuality "1"]

1. d4 d5 2. c4 e6 3. Nc3 a6 4. cxd5 exd5 5. e4 dxe4 6. Bc4 Nf6 7. Qb3 Be7 8. Bxf7+ Kf8 9. Nge2 Nc6 10. a3 Nxd4 11. Nxd4 Qxd4 12. Be3 Qe5 13. h3 Bd7 14. Rd1 Bc6 15. Ne2 Qb5 16. Qa2 Rd8 17. Rxd8+ Bxd8 18. Nd4 Qa5+ 19. Bd2 Qe5 20. Bc3 Bd5 21. Ne6+ Kxf7 22. Bxe5 Bxa2 23. Nd4 c5 24. Ne2 Ba5+ 25. Nc3 Rd8 26. 0-0 Bxc3 27. Bxc3 Be6 28. Re1 c4 29. f3 exf3 30. gxf3 Rd3 31. Kg2 Bd5 32. Rf1 Nh5 33. Kh2 Nf4 34. Kg3 Ne2+ 35. Kg4 Nxc3 36. bxc3 Rxc3 0-1

[Event "Titled Tuesday intern op 17th Aug"]
[Site "Chess.com INT"]
[Date "2021.08.17"]
[Round "5"]
[White "Semenova, Elena"]
[Black "Munkhzul, Davaakhuu"]
[Result "0-1"]
[WhiteElo "2212"]
[BlackElo "1991"]
[PlyCount "42"]
[EventDate "2021.08.17"]
[EventType "swiss (blitz)"]
[EventRounds "11"]
[EventCountry "USA"]
[SourceTitle "EXT 2022"]
[Source "ChessBase"]
[SourceDate "2021.10.06"]
[SourceVersion "1"]
[SourceVersionDate "2021.10.06"]
[SourceQuality "1"]

1. e4 e5 2. Nf3 Nc6 3. Bb5 a6 4. Bxc6 dxc6 5. Nc3 Bd6 6. 0-0 Nf6 7. d4 Bg4 8. dxe5 Bxf3 9. Qxf3 Bxe5 10. Rd1 Qe7 11. Bg5 0-0 12. Bf4 Bxc3 13. Qxc3 Nxe4 14. Qe3 Rfe8 15. Qh3 Qc5 16. c3 Qxf2+ 17. Kh1 Qxf4 18. Kg1 Nf2 19. Qh5 Nxd1 20. Rxd1 Qe3+ 21. Kf1 Re5 0-1

[Event "Nizami Ganjavi 880 years U17"]
[Site "Tornelo INT"]
[Date "2021.04.04"]
[Round "8.3"]
[White "Allahverdiyeva, Ayan"]
[Black "Munkhzul, Davaakhuu"]
[Result "0-1"]
[WhiteElo "2088"]
[BlackElo "1991"]
[PlyCount "62"]
[EventDate "2021.04.02"]
[EventType "team-swiss (blitz)"]
[EventRounds "9"]
[EventCountry "AZE"]
[SourceTitle "EXT 2023"]
[Source "ChessBase"]
[SourceDate "2022.10.05"]
[SourceVersion "1"]
[SourceVersionDate "2022.10.05"]
[SourceQuality "1"]
[WhiteTeam "Azerbaijan"]
[BlackTeam "Mongolia"]
[WhiteTeamCountry "AZE"]
[BlackTeamCountry "MGL"]

1. e4 e5 2. Nf3 Nc6 3. Bb5 a6 4. Ba4 Nf6 5. 0-0 Be7 6. Re1 b5 7. Bb3 d6 8. c3 0-0 9. d4 Bg4 10. Be3 exd4 11. cxd4 d5 12. e5 Ne4 13. Nbd2 Bb4 14. Qc2 Na5 15. Nxe4 dxe4 16. Ng5 Nxb3 17. Qxe4 g6 18. axb3 Bxe1 19. Rxe1 Bf5 20. Qh4 h5 21. h3 Kg7 22. g4 Bc2 23. gxh5 gxh5 24. Qxh5 Bg6 25. Qg4 Qc8 26. Qf4 Qf5 27. Qg3 Rae8 28. d5 Qd3 29. Qf4 Qxd5 30. Bd4 c5 31. Qf6+ Kg8 0-1

[Event "Nizami Ganjavi 880 years U17"]
[Site "Tornelo INT"]
[Date "2021.04.02"]
[Round "1.9"]
[White "Humbatova, Nazli"]
[Black "Munkhzul, Davaakhuu"]
[Result "0-1"]
[WhiteElo "1381"]
[BlackElo "1991"]
[PlyCount "58"]
[EventDate "2021.04.02"]
[EventType "team-swiss (blitz)"]
[EventRounds "9"]
[EventCountry "AZE"]
[SourceTitle "EXT 2023"]
[Source "ChessBase"]
[SourceDate "2022.10.05"]
[SourceVersion "1"]
[SourceVersionDate "2022.10.05"]
[SourceQuality "1"]
[WhiteTeam "Nakhchivan"]
[BlackTeam "Mongolia"]
[WhiteTeamCountry "AZE"]
[BlackTeamCountry "MGL"]

1. e4 e5 2. Nf3 Nc6 3. Bb5 a6 4. Ba4 Nf6 5. 0-0 Be7 6. Re1 b5 7. Bb3 d6 8. c3 0-0 9. d4 Bg4 10. Be3 exd4 11. cxd4 d5 12. e5 Ne4 13. a4 Bb4 14. Nbd2 Bxd2 15. Bxd2 Nxd4 16. Be3 Nxb3 17. Qxb3 Bxf3 18. gxf3 Ng5 19. Bc5 Nh3+ 20. Kh1 Re8 21. axb5 Re6 22. Rad1 Qg5 23. Qxd5 c6 24. Qd2 Qh5 25. Qd8+ Re8 26. Qd3 cxb5 27. Re4 Rac8 28. Bb6 Rc6 29. Be3 Qxf3# 0-1

[Event "Nizami Ganjavi 880 years U17"]
[Site "Tornelo INT"]
[Date "2021.04.02"]
[Round "2.2"]
[White "Munkhzul, Davaakhuu"]
[Black "Sinitsina, Anastassia"]
[Result "0-1"]
[WhiteElo "1991"]
[BlackElo "2127"]
[PlyCount "134"]
[EventDate "2021.04.02"]
[EventType "team-swiss (blitz)"]
[EventRounds "9"]
[EventCountry "AZE"]
[SourceTitle "EXT 2023"]
[Source "ChessBase"]
[SourceDate "2022.10.05"]
[SourceVersion "1"]
[SourceVersionDate "2022.10.05"]
[SourceQuality "1"]
[WhiteTeam "Mongolia"]
[BlackTeam "Estonia"]
[WhiteTeamCountry "MGL"]
[BlackTeamCountry "EST"]

1. e4 e5 2. Nf3 Nc6 3. Bb5 a6 4. Ba4 Nf6 5. 0-0 Be7 6. Re1 b5 7. Bb3 0-0 8. h3 Bb7 9. d3 d5 10. exd5 Nxd5 11. Nxe5 Nd4 12. Nc3 Nb4 13. Be3 Nxb3 14. axb3 Bd6 15. f4 Re8 16. d4 f6 17. Nd3 Qd7 18. Nxb4 Bxb4 19. Qd2 Re7 20. Qf2 Rae8 21. f5 Qc6 22. Bd2 Rxe1+ 23. Rxe1 Rxe1+ 24. Bxe1 Bd6 25. Qe2 b4 26. Nd1 Qe4 27. Qf2 Bc8 28. c3 Bxf5 29. Ne3 Be6 30. cxb4 Bxb3 31. d5 Bxd5 32. Qd2 Be6 33. Qc3 Be5 34. Qd2 Qd4 35. Qxd4 Bxd4 36. Bd2 Bxb2 37. Kf1 Kf7 38. Ke2 Ke7 39. Kd3 Be5 40. Be1 Kd6 41. Bd2 Kc6 42. Be1 Kb5 43. g4 Bd6 44. Nc2 c5 45. bxc5 Kxc5 46. Bb4+ Kd5 47. Ne3+ Kc6 48. Ba5 Bf7 49. Bc3 Bg6+ 50. Kc4 Bc5 51. Nf5 Bxf5 52. gxf5 Bd6 53. Ba5 Bc7 54. Bb4 g6 55. fxg6 hxg6 56. Bc3 Be5 57. Bd2 g5 58. Be3 Kd6 59. Bc5+ Ke6 60. Kb4 Bc7 61. Be3 Kd5 62. Bc1 Bd8 63. Bd2 f5 64. Be1 f4 65. Bf2 Ke4 66. Kc3 Kf3 67. Be1 Kg2 0-1

[Event "Nizami Ganjavi 880 years U17"]
[Site "Tornelo INT"]
[Date "2021.04.02"]
[Round "3.1"]
[White "Munkhzul, Davaakhuu"]
[Black "Yakimova, Mariya"]
[Result "0-1"]
[WhiteElo "1991"]
[BlackElo "2225"]
[PlyCount "102"]
[EventDate "2021.04.02"]
[EventType "team-swiss (blitz)"]
[EventRounds "9"]
[EventCountry "AZE"]
[SourceTitle "EXT 2023"]
[Source "ChessBase"]
[SourceDate "2022.10.05"]
[SourceVersion "1"]
[SourceVersionDate "2022.10.05"]
[SourceQuality "1"]
[WhiteTeam "Mongolia"]
[BlackTeam "Russia"]
[WhiteTeamCountry "MGL"]
[BlackTeamCountry "RUS"]

1. e4 c5 2. Nf3 Nc6 3. d4 cxd4 4. Nxd4 Nf6 5. Nc3 e5 6. Ndb5 d6 7. Nd5 Nxd5 8. exd5 Ne7 9. c4 Ng6 10. Bd3 Be7 11. 0-0 0-0 12. Be3 a6 13. Nc3 f5 14. f3 Bg5 15. Qd2 Bxe3+ 16. Qxe3 Bd7 17. b4 Nf4 18. Kh1 Rc8 19. Rad1 Rf6 20. Ne2 Nxd3 21. Qxd3 Rh6 22. h3 Qh4 23. Rc1 f4 24. Ng1 Qg3 25. Qd2 b6 26. Rfe1 Rh5 27. c5 bxc5 28. bxc5 dxc5 29. d6 Qg6 30. Qd5+ Qf7 31. Qb7 c4 32. Qxa6 c3 33. Qd3 Qc4 34. Red1 e4 35. fxe4 Rb5 36. Nf3 c2 37. Qxc4+ Rxc4 38. Re1 Kf7 39. e5 h6 40. e6+ Bxe6 41. Ne5+ Rxe5 42. Rxe5 Kf6 43. Re2 Bf5 44. Kh2 Rd4 45. Rf2 g5 46. Rff1 Rxd6 47. a4 Ra6 48. Ra1 Ke5 49. a5 Kd4 50. Rfe1 Kc3 51. Re5 Bg6 0-1

[Event "Wch FIDE Online U14 Girls Asia qual"]
[Site "Tornelo INT"]
[Date "2020.12.12"]
[Round "3"]
[White "Munkhzul, Davaakhuu"]
[Black "Boramanikar, Tanisha S"]
[Result "1-0"]
[WhiteElo "1991"]
[BlackElo "1670"]
[PlyCount "83"]
[EventDate "2020.12.11"]
[EventType "swiss (rapid)"]
[EventRounds "7"]
[EventCountry "ISS"]
[SourceTitle "EXT 2022"]
[Source "ChessBase"]
[SourceDate "2021.10.06"]
[SourceVersion "1"]
[SourceVersionDate "2021.10.06"]
[SourceQuality "1"]

1. e4 c5 2. Nf3 Nc6 3. d4 cxd4 4. Nxd4 Nf6 5. Nc3 e5 6. Ndb5 d6 7. Nd5 Nxd5 8. exd5 Nb8 9. c4 Be7 10. Bd3 0-0 11. 0-0 a6 12. Nc3 f5 13. f3 Nd7 14. Kh1 Bg5 15. b4 Qf6 16. a3 Qh6 17. Bxg5 Qxg5 18. Rc1 Rf6 19. Qc2 b6 20. Na4 a5 21. c5 bxc5 22. bxc5 dxc5 23. Nxc5 Nxc5 24. Qxc5 Bd7 25. d6 Rc8 26. Qd5+ Rf7 27. Rxc8+ Bxc8 28. Bc4 Qf6 29. d7 Bxd7 30. Qxd7 g6 31. Bxf7+ Qxf7 32. Qxf7+ Kxf7 33. Rb1 Ke6 34. Rb5 e4 35. fxe4 fxe4 36. Kg1 a4 37. Kf2 Kd6 38. Ke3 Kc6 39. Ra5 Kb6 40. Rxa4 Kb5 41. Rxe4 Ka5 42. Kd3 1-0

[Event "Wch FIDE Online U14 Girls Asia qual"]
[Site "Tornelo INT"]
[Date "2020.12.12"]
[Round "4"]
[White "Nusrat Jahan, Alo"]
[Black "Munkhzul, Davaakhuu"]
[Result "1/2-1/2"]
[WhiteElo "1730"]
[BlackElo "1991"]
[PlyCount "70"]
[EventDate "2020.12.11"]
[EventType "swiss (rapid)"]
[EventRounds "7"]
[EventCountry "ISS"]
[SourceTitle "EXT 2022"]
[Source "ChessBase"]
[SourceDate "2021.10.06"]
[SourceVersion "1"]
[SourceVersionDate "2021.10.06"]
[SourceQuality "1"]

1. e4 e5 2. Nf3 Nc6 3. Bc4 Bc5 4. c3 Nf6 5. d4 exd4 6. e5 d5 7. Bb5 Ne4 8. cxd4 Bb6 9. Qc2 Bd7 10. Bxc6 Bxc6 11. 0-0 0-0 12. Nbd2 f6 13. Nb3 Bb5 14. Re1 fxe5 15. Be3 exd4 16. Bxd4 Bxd4 17. Nbxd4 Bd7 18. Rac1 c5 19. Nb3 Bg4 20. Re3 Bxf3 21. gxf3 Ng5 22. Qxc5 Nxf3+ 23. Kh1 b6 24. Qc6 Qg5 25. Rxf3 Rxf3 26. Qxa8+ Rf8 27. Qc6 Qe5 28. Qc2 Qf4 29. Qe2 h6 30. Rg1 Qxf2 31. Qxf2 Rxf2 32. Rg2 Rf1+ 33. Rg1 Rf2 34. Rg2 Rf1+ 35. Rg1 Rf2 1/2-1/2

[Event "Asia Nations online Cup (Women) final"]
[Site "Chess.com INT"]
[Date "2020.10.24"]
[Round "4.4"]
[White "Nandhidhaa, PV."]
[Black "Munkhzul, Davaakhuu"]
[Result "1-0"]
[WhiteElo "2365"]
[BlackElo "1991"]
[PlyCount "53"]
[EventDate "2020.10.23"]
[EventType "team-k.o. (rapid)"]
[EventRounds "6"]
[EventCountry "IND"]
[SourceTitle "CBM 199 Extra"]
[Source "ChessBase"]
[SourceDate "2021.01.31"]
[SourceVersion "1"]
[SourceVersionDate "2021.01.31"]
[SourceQuality "1"]
[WhiteTeam "India (W)"]
[BlackTeam "Mongolia (W)"]
[WhiteTeamCountry "IND"]
[BlackTeamCountry "MGL"]

1. Nf3 Nf6 2. g3 d5 3. Bg2 Bf5 4. 0-0 e6 5. d3 h6 6. c4 c6 7. cxd5 exd5 8. Nc3 Bd6 9. e4 dxe4 10. dxe4 Bg4 11. e5 Bxf3 12. Qxf3 Bxe5 13. Qe2 Qe7 14. Re1 Nfd7 15. Kh1 Kf8 16. f4 Bf6 17. Qd1 Qd8 18. Ne4 Na6 19. Be3 Kg8 20. Qb3 Qc7 21. Rad1 Rf8 22. Bh3 Nab8 23. Nd6 b6 24. Bf2 g5 25. Ne8 Qd8 26. Nxf6+ Qxf6 27. Bd4 1-0